| 000 | 01174pam a2200349 a 4500 | ||
|---|---|---|---|
| 001 | 1509099 | ||
| 003 | OSt | ||
| 005 | 20140310184412.0 | ||
| 008 | 890830s1990 mau j 000 1 eng | ||
| 010 | _a 89027144 | ||
| 020 | _a9780316738248 | ||
| 040 |
_aDLC _cDLC _dDLC |
||
| 042 | _alcac | ||
| 050 | 0 | 0 |
_aPZ 7 _b.Sp75663Man 1999 |
| 100 | 1 |
_aSpinelli, Jerry. _95159 |
|
| 245 | 1 | 0 |
_aManiac Magee : _ba novel / _cJerry Spinelli. |
| 260 |
_aBoston : _bLittle, Brown, _c1999 |
||
| 300 |
_a184 p. _c19 cm. |
||
| 520 | _aAfter his parents die, Jeffrey Lionel Magee's life becomes legendary, as he accomplishes athletic and other feats which awe his contemporaries. | ||
| 521 | _aG6 | ||
| 526 | _c820 | ||
| 562 | _e1 | ||
| 650 |
_aOrphans _xFiction _95254 |
||
| 650 |
_aSports _xFiction _95255 |
||
| 650 |
_aHeroes _xFiction _95256 |
||
| 650 |
_aRunning _xFiction _95257 |
||
| 856 | 4 | 2 |
_3Publisher description _uhttp://www.loc.gov/catdir/enhancements/fy0914/89027144-d.html |
| 906 |
_a7 _bcbc _corignew _d1 _eocip _f19 _gy-gencatlg |
||
| 942 |
_2lcc _cBK-SCHOLAS |
||
| 999 |
_c34113 _d34113 |
||